<?xml version="1.0" encoding="UTF-8"?><?xml-stylesheet type="text/xsl" href="static/style.xsl"?><OAI-PMH xmlns="http://www.openarchives.org/OAI/2.0/" xmlns:xsi="http://www.w3.org/2001/XMLSchema-instance" xsi:schemaLocation="http://www.openarchives.org/OAI/2.0/ http://www.openarchives.org/OAI/2.0/OAI-PMH.xsd"><responseDate>2026-04-14T05:10:46Z</responseDate><request verb="GetRecord" identifier="oai:www.recercat.cat:2072/418176" metadataPrefix="marc">https://recercat.cat/oai/request</request><GetRecord><record><header><identifier>oai:recercat.cat:2072/418176</identifier><datestamp>2026-02-05T19:57:13Z</datestamp><setSpec>com_2072_98</setSpec><setSpec>col_2072_378193</setSpec></header><metadata><record xmlns="http://www.loc.gov/MARC21/slim" xmlns:dcterms="http://purl.org/dc/terms/" xmlns:xsi="http://www.w3.org/2001/XMLSchema-instance" xmlns:doc="http://www.lyncode.com/xoai" xsi:schemaLocation="http://www.loc.gov/MARC21/slim http://www.loc.gov/standards/marcxml/schema/MARC21slim.xsd">
   <leader>00925njm 22002777a 4500</leader>
   <datafield ind2=" " ind1=" " tag="042">
      <subfield code="a">dc</subfield>
   </datafield>
   <datafield ind2=" " ind1=" " tag="720">
      <subfield code="a">Sili, Marcelo</subfield>
      <subfield code="e">author</subfield>
   </datafield>
   <datafield ind2=" " ind1=" " tag="720">
      <subfield code="a">Sanguinetti, Juan</subfield>
      <subfield code="e">author</subfield>
   </datafield>
   <datafield ind2=" " ind1=" " tag="720">
      <subfield code="a">Argentina. Ministerio de la Agricultura, Ganadería y Pesca. Unidad para el cambio rural</subfield>
      <subfield code="e">author</subfield>
   </datafield>
   <datafield ind2=" " ind1=" " tag="720">
      <subfield code="a">Universidad Nacional de San Martín (Argentina)</subfield>
      <subfield code="e">author</subfield>
   </datafield>
   <datafield ind2=" " ind1=" " tag="720">
      <subfield code="a">Nexo Economía y Desarrollo</subfield>
      <subfield code="e">author</subfield>
   </datafield>
   <datafield ind2=" " ind1=" " tag="260">
      <subfield code="c">2014</subfield>
   </datafield>
   <datafield ind2=" " ind1=" " tag="520">
      <subfield code="a">Background of INCASI Project H2020-MSCA-RISE-2015 GA 691004. WP1: Compilation</subfield>
   </datafield>
   <datafield ind2=" " ind1=" " tag="520">
      <subfield code="a">El estudio tiene por objeto caracterizar las distintas dimensiones de las condiciones de vida de los jóvenes rurales, considerando aspectos demográficos y socioeconómicos e identificar los principales problemas sociales que enfrentan los jóvenes, así como dimensionar las carencias y vulnerabilidades específicas a partir de una muestra representativa de los jóvenes que residen en los territorios rurales. El estudio también se propone, identificar diferentes instrumentos y mecanismos tendientes a generar emprendimientos productivos sostenibles para estos grupos y lograr el acceso a la tierra y al empleo de calidad.</subfield>
   </datafield>
   <datafield ind2="0" ind1="0" tag="245">
      <subfield code="a">Análisis de las problemáticas de la juventud rural e identificación de estrategias e instrumentos de generación de empleo y acceso a la tierra rural</subfield>
   </datafield>
</record></metadata></record></GetRecord></OAI-PMH>